000 00319nam a22001337a 4500
008 170825b xxu||||| |||| 00| 0 eng d
020 _a9780205000098
041 _aeng
080 _29 ED
_a070
100 _a40
101 _aMED
245 _aPUBLIC SPEAKING FINDING YOUR VOICE
_cOSBORN.M
942 _2udc
_cBK
999 _c24973
_d24973